Decentralised governance in India: An evaluation in context of Panchayati Raj Institutions (Record no. 524235)

000 -LEADER
fixed length control field 00848nam a22001577a 4500
008 - FIXED-LENGTH DATA ELEMENTS--GENERAL INFORMATION
fixed length control field 231106b ||||| |||| 00| 0 eng d
100 ## - MAIN ENTRY--PERSONAL NAME
Personal name Dalal, Rajbir Singh Dhilon, Sandeep
245 ## - TITLE STATEMENT
Title Decentralised governance in India: An evaluation in context of Panchayati Raj Institutions
260 ## - PUBLICATION, DISTRIBUTION, ETC. (IMPRINT)
Place of publication, distribution, etc Indian Journal of Public Administration
300 ## - PHYSICAL DESCRIPTION
Extent 69(3), Sep, 2023: p.638-650
520 ## - SUMMARY, ETC.
Summary, etc The world’s largest democratic system of governance is a main feature of India. Democracy requires that there should be public participation, transparency and accountability in governance. Governance is a process in which ‘full benefit of democratic . – Reproduced
650 ## - SUBJECT ADDED ENTRY--TOPICAL TERM
Topical term or geographic name as entry element Decentralised governance, Panchayati Raj Institutions
9 (RLIN) 45725
773 ## - HOST ITEM ENTRY
Main entry heading Indian Journal of Public Administration
906 ## - LOCAL DATA ELEMENT F, LDF (RLIN)
Subject DIP PANCHAYATS
942 ## - ADDED ENTRY ELEMENTS (KOHA)
Item type Articles
Holdings
Withdrawn status Lost status Source of classification or shelving scheme Damaged status Not for loan Permanent location Current location Date acquired Serial Enumeration / chronology Barcode Date last seen Koha item type
          Indian Institute of Public Administration Indian Institute of Public Administration 2023-11-06 69(3), Sep, 2023: p.638-650 AR130113 2023-11-06 Articles

Powered by Koha